000 00520nam a2200193 a 4500
005 20210219153538.0
008 991125n 000 0 u
035 _aUPN01000105703
222 _aCOMUNICACION EDUCATIVA
245 _a¡Estimular la lectura en el niño! : aparte de útil, placentero
300 _a12
362 _a1981 Año 2, no. 11, sep.
653 0 _aHABITOS DE LECTURA
653 0 _aLECTURA
653 0 _aNIÑOS
653 0 _aRELACION PADRE-HIJO
904 _aAC
_b043514
905 _aArticulo
999 _c79621
_d79621